Obálka Náhled e-knihy:
PDF Epub
Pro půjčování e-knih musíte být přihlášeni.
Jak si půjčit online?
LEADER 02350nam a2200541 a 4500
001 308330
003 CZ PrSKC
005 20260601215615.0
007 ta
008 131210s2013 xr e 000 0 cze
015 |a cnb002528326 
020 |a 9788072324569  |q (brož.) 
035 |a (OCoLC)867822581 
040 |a ABA001  |b cze 
043 |a n-us--- 
045 |a x4x4 
072 7 |a 327  |x Mezinárodní vztahy, světová politika  |2 Konspekt 
080 |a 327  |2 MRF 
080 |a 339.96  |2 MRF 
080 |a 338.246.88  |2 MRF 
080 |a 339.96"1947"  |2 MRF 
080 |a (73)  |2 MRF 
080 |a (4)  |2 MRF 
080 |a (048.8)  |2 MRF 
100 1 |a Tajovský, Ladislav,  |d 1973-  |7 xx0032239  |4 aut 
245 1 0 |a Spojené státy na cestě k Marshallovu plánu /  |c Ladislav Tajovský 
250 |a 1. vyd. 
260 |a České Budějovice :  |b Kopp,  |c 2013 
300 |a 123 s. ;  |c 20 cm 
504 |a Obsahuje bibliografii a bibliografické odkazy 
648 4 |a 1945-1947 
648 7 |a 1945-1948  |7 ch460655  |2 czenas 
650 0 7 |a zahraniční politika  |7 ph127522  |z Spojené státy americké  |y 1945-1948  |2 czenas 
650 0 7 |a hospodářská pomoc  |7 ph120821  |z Spojené státy americké  |y 1945-1948  |2 czenas 
650 0 7 |a poválečná obnova  |7 ph285157  |z Evropa  |y 1945-1948  |2 czenas 
650 0 7 |a Marshallův plán (1947)  |7 ph210132  |2 czenas 
650 0 9 |a foreign policy  |z United States  |y 1945-1948  |2 eczenas 
650 0 9 |a economic assistance  |z United States  |y 1945-1948  |2 eczenas 
650 0 9 |a postwar reconstruction  |z Europe  |y 1945-1948  |2 eczenas 
650 0 9 |a Marshall Plan, 1947  |2 eczenas 
655 7 |a studie  |7 fd133597  |2 czenas 
655 9 |a studies  |2 eczenas 
856 4 1 |u https://www.bookport.cz/AccountSaml/SignIn/?idp=https%3A%2F%2Fshibboleth.nkp.cz%2Fidp%2Fshibboleth&returnUrl=/kniha/spojene-staty-na-ceste-k-marshallovu-planu-14663/  |y Plný text - pro registrované uživatele NK ČR  |4 N 
900 |a ABA001  |b 17 
044 |a xr 
910 |a RBIT002 
998 |d 9211  |a https://core.palmknihy.cz/api/books/9211/cover?6m4gfr  |b https://core.palmknihy.cz/api/books/9211/cover/400?7ulo1r  |c https://core.palmknihy.cz/api/books/9211/cover/50?l3rcbd  |e   |g 124  |i 9788072324569  |j https://core.palmknihy.cz/api/books/9211/preview.epub  |k https://core.palmknihy.cz/api/books/9211/preview.pdf  |l   |q 49  |r 1  |s https://www.palmknihy.cz/kniha/9211  |t ebook  |y 2013  |z 0 
999 |d 308328